000 00835nam a22002177a 4500
008 110420t xxu||||| |||| 00| 0 eng d
020 _a0230525369
020 _a9780230525368
082 _222
_a696
_bMCM
100 _923187
_aMcMullan, Randall
245 _aEnvironmental Science in Building /
_cRandall Mcmullan
250 _a6th ed.
260 _aBasingstoke :
_bPalgrave Macmillan, 2007.
_c2007
300 _a390 p. :
_bill. ;
_c24 cm.
500 _aIncludes index
650 _923220
_aBuildings
_xEnvironmental Engineering
653 _bCiv
_bArch
_cApril2011
856 _3Companion website for this book at
_uhttp://www.palgrave.com/engineering/builtenvironment/mcmullan
942 _2ddc
_cBB
999 _c15150
_d15150